000 01010nam a22002777a 4500
001 BRCA_9342
003 FranzMayer
005 20230918121154.0
008 230825b |||||||| |||| 00| 0 eng d
020 _a9783832173647
040 _aMFM
_bespañol
_cMFM
050 0 _aHD45.B73
_b.D86 2005
110 1 _4Responsable
_aDumont Handbuch Design
_929221
240 _aBraun
_h50 Jahre Produktinnovationen
_lAlemán
245 0 _aBraun
_b50 Jahre Produktinnovationen
260 _aAlemania
_bDumont Handbuch Design
_c2005
300 _a504 p
_bIlustraciones a color
_c17 cm
500 _aAnexo 1
505 _aTexto en: alemánIncluye índice temáticoDirigido a: diseñadores, ingenieros, historiadores y arquitectos.
650 1 _2Industrias
_aLabor y uso
_vTecnologías
_929222
651 2 _2Innovaciones tecnológicas
_aSiglo XX
_vBraun
_929223
700 1 _4Escri.
_aPolster, Bernd
_929224
700 1 _4Col
_aKöln, Olaf Meyer
_929225
700 1 _4Coord.
_aKress, Gerlinde
_929226
942 _2lcc
_cB
999 _c10964
_d10964